Field Guide to the Birds of Colombia / (Registro nro. 8843)

Detalles MARC
000 -CABECERA
Campo de control 00995 a2200289 4500
005 - FECHA Y HORA DE LA ULTIMA TRANSACCION
Campo de control 20171006020001.0
008 - ELEMENTOS DE LONGITUD FIJA—INFORMACION GENERAL
Campo de control 141127b2014 ck il. |r|||| 00| 0 eng d
020 ## - ISBN
ISBN 9780982761557
040 ## - FUENTE DE CATALOGACIÓN
Agencia catalogadora original CO-BoIH
Agencia transcriptora CO-BoIH
041 ## - IDIOMA
Código de idioma para texto/pista de sonido o título separado Inglés
044 ## - PAÍS DE PUBLICACIÓN
País de publicación Colombia
082 04 - NUMERO DE CLASIFICACION DECIMAL DEWEY
Número de clasificación 333.958
Número del ítem M16f
100 1# - ASIENTO PRINCIPAL--NOMBRE PERSONAL
Nombre personal McMullan, Miles
245 10 - MENCION DE TITULO
Título Field Guide to the Birds of Colombia /
Parte restante del título por Miles McMullan, Thomas Donegan, colaboración de Alonso Quevedo, Trevor Ellery y Avery Bartels
250 ## - MENCION DE EDICION
Mención de edición 2da.
260 ## - PUBLICACION, DISTRIBUCION, ETC. (PIE DE IMPRENTA)
Lugar de publicación, distribución, etc. Bogotá :
Nombre del editor, distribuidor, etc. Fundación ProAves,
Fecha de publicación, distribución, etc. 2014.
300 ## - DESCRIPCION FISICA
Extensión 387 p.
Otros detalles físicos il. (col)
Dimensiones 21 cm.
504 ## - NOTA DE BIBLIOGRAFIA, ETC.
Nota de bibliografía Incluye indices
650 04 - ASIENTO SECUNDARIO DE MATERIA - TERMINO TEMATICO
Término temático o nombre geográfico como elemento de entrada Birds
Subdivisión general Specific taxonomic groups
Subdivisión geográfica Colombia
650 04 - ASIENTO SECUNDARIO DE MATERIA - TERMINO TEMATICO
Término temático o nombre geográfico como elemento de entrada Birds
Subdivisión general Specific kind of birds
Subdivisión geográfica Colombia
650 04 - ASIENTO SECUNDARIO DE MATERIA - TERMINO TEMATICO
Término temático o nombre geográfico como elemento de entrada Aves
Subdivisión de forma guias
Subdivisión geográfica Colombia
700 1# - ASIENTO SECUNDARIO - NOMBRE PERSONAL
Nombre personal Donegan, Thomas
700 1# - ASIENTO SECUNDARIO - NOMBRE PERSONAL
Nombre personal Quevedo, Alonso
Término de relación colab.
700 1# - ASIENTO SECUNDARIO - NOMBRE PERSONAL
Nombre personal Ellery, Trevor
Término de relación colab.
700 1# - ASIENTO SECUNDARIO - NOMBRE PERSONAL
Nombre personal Avery, Bartels
Término de relación colab.
942 ## - ELEMENTOS ADICIONALES (KOHA)
Sistema de clasificación Dewey Decimal Classification
Tipo de ítem Libro
Koha issues (borrowed), all copies 1
Existencias
Withdrawn status Lost status Sistema de Clasificación Damaged status No para préstamo Colección Inventariado Ubicación Permanente Ubicación actual Fecha de adquisición Fuente de Valor Valor Total Checkouts Número topográfico Inventario / Código de Barras Date last seen Ejemplar Cost, replacement price Price effective from Forma de adquisición Tipo de material Total Renewals Date checked out
    Dewey Decimal Classification     General Inventariado 2017 Bogotá Bogotá 26/11/2014 Instituto 39000.00   LB-333.958 M16f 038443 27/11/2014 Ej. 1 77000.00 26/11/2014   Libro    
    Dewey Decimal Classification     General   Sala Fabio Quevedo Sala Fabio Quevedo 27/11/2014 Fundación Proaves   1 LB-333.958 M16f 038444 03/11/2017 Ej. 2   27/11/2014   Libro 1 05/10/2017